Bangladesh demographic survey and vital registration system : (Record no. 65735)
[ view plain ]
| 000 -LEADER | |
|---|---|
| fixed length control field | 00823nam a2200229 a 4500 |
| 001 - CONTROL NUMBER | |
| control field | 65735 |
| 003 - CONTROL NUMBER IDENTIFIER | |
| rucl marc code | BD-RjUL |
| 005 - DATE AND TIME OF LATEST TRANSACTION | |
| control field | 20211209081446.0 |
| 008 - FIXED-LENGTH DATA ELEMENTS--GENERAL INFORMATION | |
| fixed length control field | 890105s1986 bg s f000 0 eng |
| 020 ## - INTERNATIONAL STANDARD BOOK NUMBER | |
| Terms of availability | : Complimentary |
| 035 ## - SYSTEM CONTROL NUMBER | |
| System control number | (BD-RjUL)65865 |
| 040 ## - CATALOGING SOURCE | |
| Original cataloging agency | DLC |
| Transcribing agency | DLC |
| Modifying agency | DLC |
| -- | BD-RjUL |
| Language of cataloging | eng |
| 041 ## - LANGUAGE CODE | |
| Language code of text/sound track or separate title | eng |
| 082 00 - DEWEY DECIMAL CLASSIFICATION NUMBER | |
| Classification number | 304.6095492021 |
| Edition number | 23 |
| Author mark and year | BAB 1986 (BDSVRS) |
| 110 1# - MAIN ENTRY--CORPORATE NAME | |
| Corporate name or jurisdiction name as entry element | Bangladesh Bureau of Statistics. |
| 9 (RLIN) | 155808 |
| 245 10 - TITLE STATEMENT | |
| Title | Bangladesh demographic survey and vital registration system : |
| Remainder of title | a short description and summary findings, 1980-85 / |
| Statement of responsibility, etc. | Bangladesh Bureau of Statistics. |
| 260 ## - PUBLICATION, DISTRIBUTION, ETC. (IMPRINT) | |
| Place of publication, distribution, etc. | Dhaka : |
| Name of publisher, distributor, etc. | Bangladesh Bureau of Statistics, |
| Date of publication, distribution, etc. | 1986. |
| 300 ## - PHYSICAL DESCRIPTION | |
| Pagination | [6], 23 p. ; |
| Size | 29 cm. |
| 650 #0 - SUBJECT ADDED ENTRY--TOPICAL TERM | |
| Topical term or geographic name as entry element | Demographic surveys |
| Geographic subdivision | Bangladesh. |
| 9 (RLIN) | 194378 |
| 651 #0 - SUBJECT ADDED ENTRY--GEOGRAPHIC NAME | |
| Geographic name | Bangladesh |
| General subdivision | Population |
| -- | Statistics. |
| 9 (RLIN) | 194379 |
| 942 ## - ADDED ENTRY ELEMENTS (KOHA) | |
| Source of classification or shelving scheme | Dewey Decimal Classification |
| Koha item type | Rare Books |
| Lost status | Source of classification or shelving scheme | Damaged status | Not for loan | Collection code | Permanent Location | Current Location | Shelving location | Date acquired | Source of acquisition | Total Checkouts | Full call number | Date last seen | Copy number | Koha item type |
|---|---|---|---|---|---|---|---|---|---|---|---|---|---|---|
| Dewey Decimal Classification | Not For Loan | Rare Books | Central Library, University of Rajshahi | Central Library, University of Rajshahi | Rare Book Section | 11/03/2017 | Rajshahi, R.U.C.L. | RA 304.6095492021 BAB 1986(BDSVRS) | 11/03/2017 | C-1 | Rare Books |